000 01031nam a2200301 i 4500
003 DO-SdBNP
005 20250120102852.0
007 ta
008 240523b2023 dr |||| |||| 00| 0 spa d
020 _a9789945250626
040 _aDO-SdBNP
_bspa
_cBNPHU
_erda
082 4 _222
_bF866q
100 1 _aFreites Roque, Arturo,
_d 1879-1914
_eautor
_928219
245 1 0 _aQuisicosas /
_cArturo Freites Roque ; editor, Andrés Blanco Díaz
264 _aSanto Domingo :
_bArchivo General de la Nación,
_c2023
300 _a336 páginas :
_bretratos ;
_c2023.
336 _2rdacontent
_atexto
_btxt
337 _2rdamedia
_asin mediación
_bn
338 _2rdacarrier
_avolumen
_bnc
490 _aArchivo General de la Nación
_v477
500 _aIncluye datos biográficos del autor en las solapas de la cubiertas.
500 _aIncluye índice onomástico.
500 _aLa Biblioteca posee el tomo 2.
590 _aInventariado, 2024/BT
700 1 _aBlanco Díaz, Andrés,
_eeditor
_9172
910 _aBtavárez
942 _2ddc
_cLBS1
999 _c56743
_d56743